Zmluva o zamedzení dvojitého zdanenia medzi SR a ČR (právnické osoby)

Pre účely zamedzenia dvojitého zdanenia príjmov a majetku fyzických osôb a podnikov sa uplatňujú ustanovenia Zmluvy medzi Slovenskou republikou a Českou republikou o zamedzení dvojitého zdanenia v odbore daní z príjmov a z majetku, ktorá bola podpísaná v Bratislave 23. novembra 1992. Oznámenie o uz...

Ausführliche Beschreibung

Gespeichert in:
Bibliographische Detailangaben
Format: Buchkapitel
Sprache:Slowakisch
Schlagworte:
Tags: Tag hinzufügen
Keine Tags, Fügen Sie das erste Tag hinzu!

MARC

LEADER 00000naa$a2200000$$$4500
001 0002773
005 20231002123848.1
041 0 |a slo 
044 |a SK 
245 1 0 |a Zmluva o zamedzení dvojitého zdanenia medzi SR a ČR (právnické osoby) 
520 |a Pre účely zamedzenia dvojitého zdanenia príjmov a majetku fyzických osôb a podnikov sa uplatňujú ustanovenia Zmluvy medzi Slovenskou republikou a Českou republikou o zamedzení dvojitého zdanenia v odbore daní z príjmov a z majetku, ktorá bola podpísaná v Bratislave 23. novembra 1992. Oznámenie o uzavretí Zmluvy je publikované v Zbierke zákonov pod č. 238, pričom samotná Zmluva tvorí prílohu tohto oznámenia. Prehľad najdôležitejších ustanovení Zmluvy týkajúcich sa právnických osôb ako aj prehľad najdôležitejších zmien, ktoré táto Zmluva prináša. 
610 2 0 |a zdanenie dvojité 
610 2 0 |a Česko 
610 2 0 |a Slovensko 
610 2 0 |a zmluvy medzinárodné 
610 2 0 |a osoby právnické